| 000 | 00640cam a22001934a 4500 | ||
|---|---|---|---|
| 020 | _a1559638389 (alk. paper) | ||
| 040 | _cDLC | ||
| 082 | 0 | 0 | _a261 ISL 2002 A009 Or. |
| 245 | 0 | 4 |
_aThe good in nature and humanity : _bconnecting science, religion, and spirituality with the natural world / |
| 260 |
_aWashington, DC : _bIsland Press, _cc2002. |
||
| 300 |
_axvi, 278 p. : _bill. ; _c24 cm. |
||
| 650 | 0 | _aReligion and science. | |
| 650 | 0 | _aNature | |
| 650 | 0 | _aHuman ecology | |
| 700 | 1 | _aKellert, Stephen R. | |
| 700 | 1 | _aFarnham, Timothy J. | |
| 856 | 4 | 2 | _uhttp://www.loc.gov/catdir/enhancements/fy0666/2001008404-d.html |
| 942 | _cEK | ||
| 999 |
_c15650 _d15650 |
||